00504nam a22001577a 4500010001500000020002600015035001400041037001400055082001800069100001900087245009400106260003600200270004500236300003100281500003400312 aENG-120389 a9788178243542c750.00 aEN-103921 bDBAD /PUB a306.694538082 aSoneji, Davesh aUnfinished gestures :cby Davesh Sonejibdevadasis,memory, and modernity in South India / aRanikhetbPermanent Blackc2012 aHimalayana Mall Road ,bRanikhete263645 axiii,313p.c23cm(H.b)bill aincludes references and index